000 00301nam a22001337a 4500
008 170522b xxu||||| |||| 00| 0 eng d
020 _a0465029450
041 _aeng
080 _a94(7/8)
100 _a16
101 _aSHH
245 _aTHE HEYDAY OF AMERICAN COMMUNISM
_cKLEHR,H
942 _2udc
_cBK
999 _c13595
_d13595